000 006340000a22001930004500
090 _aAR
_b04557
100 1 _aToro, Javier
_998660
700 1 _aRequena, Ignacio
_998661
700 1 _aZamorano, Monserrat
_998662
245 1 0 _aEnvironmental impact assessment in Colombia
_scritical analysis and proposals for improvement
041 0 _aInglés
650 1 4 _aImpacto ambiental
_992215
650 1 4 _aCriterios de Evaluación
_95627
650 1 4 _aLegislación ambiental
_992309
650 1 4 _aEIA
_998663
651 4 _pColombia
_992749
942 _cARTICULO
773 1 _tEnvironmental Impact Assessment Review
_q15 p.
_d2009
_gEn impresión
999 _c13657
_d13657